UPDATED Roblox Forsaken Characters Quiz (May 2026) - Statistics

General Stats
  • This quiz has been taken 362 times
    7 since last reset
  • The average score is 18 of 19
Answer Stats
Category Answer % Correct
Survivor 007n7
100%
Killer 1x1x1x1
100%
Survivor Builderman
100%
Killer c00lkidd
100%
Survivor Elliot
100%
Survivor Guest 1337
100%
Killer Guest 666
100%
Killer John Doe
100%
Killer Noli
100%
Survivor Noob
100%
Killer Nosferatu
100%
Survivor Shedletsky
100%
Killer Slasher
100%
Survivor Taph
100%
Survivor Two Time
100%
Survivor Chance
86%
Survivor Jane Doe
86%
Survivor Dusekkar
71%
Survivor Veeronica
71%
No matching quizzes found
Score Distribution
Percent of People with Each Score
Percentile by Number Answered
Your Score History
You have not taken this quiz since the last reset